000 00700nam a2200229Ia 4500
003 IN-BaIIA
008 211028s9999 xx 000 0 eng d
020 _a0-417-65719-0
040 _cIIA Library
080 _a519.246.8
_bOTN
100 _aOtnes, Robert K
_98660
245 0 _aDigital time series analysis
_cRobert K. Otens and Loren Enochson
260 _aNew York
_bJohn Wiley & Sons
_c1972
300 _ax, 467p.
490 _aWiley Series in Probability and Mathematical Statistics
650 _a Statistics 
_98661
650 _a Stochastic procsses
_98662
650 _a Time series analysis 
_98663
650 _aNASA thesaurus 
700 _aEnochson, Loren
_98664
942 _cBK
999 _c4851
_d4851